LEADER 00995nam--2200361---450- 001 990002871290203316 005 20070221120813.0 035 $a000287129 035 $aUSA01000287129 035 $a(ALEPH)000287129USA01 035 $a000287129 100 $a20070221d2001----km-y0itay50------ba 101 $aita 102 $aIT 105 $a||||||||001yy 200 1 $a<> banchiere anarchico$fFernando Pessoa$ga cura di Ugo Serani 210 $aFirenze$cPassigli$d[c2001] 215 $a89 p.$d19 cm 225 2 $a<> occasioni 410 0$12001$a<> occasioni 454 1$12001 461 1$1001-------$12001 676 $a869.341 700 1$aPESSOA,$bFernando$0329680 801 0$aIT$bsalbc$gISBD 912 $a990002871290203316 951 $aVI.6.A. 49$b190140 LM$cVI.6. 959 $aBK 969 $aFG 979 $aSENATORE$b90$c20070221$lUSA01$h1205 979 $aSENATORE$b90$c20070221$lUSA01$h1208 996 $aBanchiere anarchico$9991520 997 $aUNISA LEADER 01758oam 2200445M 450 001 9910716371303321 005 20200213070555.6 035 $a(CKB)5470000002520420 035 $a(OCoLC)1065905411 035 $a(OCoLC)995470000002520420 035 $a(EXLCZ)995470000002520420 100 $a20071213d1926 ua 0 101 0 $aeng 135 $aurcn||||||||| 181 $ctxt$2rdacontent 182 $cc$2rdamedia 183 $acr$2rdacarrier 200 10$aAuthorizing Dominic I. Murphy to accept a gift from the British Government. June 26, 1926. -- Committed to the Committee of the Whole House and ordered to be printed 210 1$a[Washington, D.C.] :$c[U.S. Government Printing Office],$d1926. 215 $a1 online resource (1 page) 225 1 $aHouse report / 69th Congress, 1st session. House ;$vno. 1550 225 1 $a[United States congressional serial set ] ;$v[serial no. 8537] 300 $aBatch processed record: Metadata reviewed, not verified. Some fields updated by batch processes. 300 $aFDLP item number not assigned. 606 $aDiplomatic gifts 606 $aInternational relations 606 $aForeign ministers 608 $aLegislative materials.$2lcgft 615 0$aDiplomatic gifts. 615 0$aInternational relations. 615 0$aForeign ministers. 701 $aPorter$b Stephen G$g(Stephen Geyer),$f1869-1930$pRepublican (PA)$01387991 801 0$bWYU 801 1$bWYU 801 2$bOCLCO 801 2$bOCLCQ 906 $aBOOK 912 $a9910716371303321 996 $aAuthorizing Dominic I. Murphy to accept a gift from the British Government. June 26, 1926. -- Committed to the Committee of the Whole House and ordered to be printed$93451689 997 $aUNINA